000 00929nam0a22002651 4500
001 rc\2712802
005 20250529123414.0
035 _a(NLR Aleph) 006840694
090 _a6642380
_c6642380
100 _a20110915d1934 |||y0rusy50 ca
101 0 _arus
102 _aRU
105 _aae z |||||
200 1 _aРубки ухода за лесом в новом освещении
_eС 66 рис.
_fПроф. Г. Р. Эйтинген
205 _a2-е изд., испр. и доп.
210 _aМосква
_cГослестехиздат
_d1934
_g8 тип. Мособлполиграфа
215 _aПереплет, 241, [3] с.
_cил.
_d23х16 см.
300 _aРезюме на нем. яз.
700 1 _aЭйтинген
_bГ.Р.
_f1889-
_gГригорий Романович
801 0 _aRU
_bNLR
_gpsbo
801 1 _aRU
_bELAR
_2rusmarc
852 _aNLR
_j34-4/2442
942 _cBOOK
980 _aNB